Traité des assurances et contrats a la grosse / (Record no. 153627)

MARC details
000 -LEADER
campo de control de longitud fija 00798nam a22002055i 4500
001 - NÚMERO DE CONTROL
campo de control 153627
003 - IDENTIFICADOR DE NÚMERO DE CONTROL
campo de control ES-MaACL
005 - FECHA Y HORA DE LA ÚLTIMA TRANSACCIÓN
campo de control 20230906205320.0
008 - DATOS DE LONGITUD FIJA--INFORMACIÓN GENERAL
campo de control de longitud fija 000406s1783 fr a |||| | fre d
040 ## - FUENTE DE CATALOGACIÓN
Centro catalogador/agencia de origen EUS
Lengua de catalogación spa
Centro/agencia transcriptor EUS
100 1# - ENTRADA PRINCIPAL--NOMBRE DE PERSONA
Nombre de persona Emerigon, Balthazard-Marie (
Fechas asociadas al nombre 1716-1785)
9 (RLIN) 47143
245 10 - MENCIÓN DEL TÍTULO
Título Traité des assurances et contrats a la grosse /
Mención de responsabilidad, etc. par M. Balthazard-Marie Émerigon avocat au parlemente ... ; tome premier.
260 ## - PUBLICACIÓN, DISTRIBUCIÓN, ETC.
Lugar de publicación, distribución, etc. A Marseille :
Nombre del editor, distribuidor, etc. Chez Jean Mossy ...,
Fecha de publicación, distribución, etc. 1783.
300 ## - DESCRIPCIÓN FÍSICA
Extensión [8], XVI, 686, [2] p. en bl. ;
Dimensiones 4º.
597 ## - NOTA DE DESCRIPCIÓN FÍSICA
NOTA DE DESCRIPCIÓN FÍSICA Sign.: [blanco]4, a-b4, A-Z4, 2A-2Z4, 3A-3Z4, 4A-4R4.
597 ## - NOTA DE DESCRIPCIÓN FÍSICA
NOTA DE DESCRIPCIÓN FÍSICA Port. con viñeta xil.
597 ## - NOTA DE DESCRIPCIÓN FÍSICA
NOTA DE DESCRIPCIÓN FÍSICA Apostillas marginales.
650 #4 - PUNTO DE ACCESO ADICIONAL DE MATERIA--TÉRMINO DE MATERIA
Término de materia o nombre geográfico como elemento de entrada Seguros marítimos.
9 (RLIN) 155334
852 ## - LOCALIZACIÓN
Ubicación ES-MaACL
Número de control de estantería R-754-55
Nota libre -- Enc. pasta
Encuadernación -- Olim: G-928-9
Holdings
Estatus retirado Estado de pérdida Estado de daño No para préstamo Colección Biblioteca de origen Biblioteca actual Ubicación en estantería Fecha de adquisición Total de préstamos Signatura topográfica completa Código de barras Visto por última vez Precio de reemplazo Tipo de ítem Koha
        Libros del s. XVIII Biblioteca del Ateneo de Madrid Biblioteca del Ateneo de Madrid Depósito 17/01/2008   R-754-55 1160601 23/02/2023 23/02/2023 Libro impreso antiguo